| LEADER |
01203nam0a2200217 450 |
| 001 |
16867891 |
| 010 |
|
|
|a 978-2-38299-160-2Â
|b br.Â
|d 21,1 €Â
|
| 100 |
|
|
|a 20260320d2023 u u0frey01 baÂ
|
| 101 |
0 |
|
|a freÂ
|
| 102 |
|
|
|a FRÂ
|
| 200 |
0 |
|
|a Miss ElizaÂ
|
| 207 |
|
1 |
|a Â
|
| 210 |
|
|
|a PerpignanÂ
|c Editions de la LoupeÂ
|d 2023Â
|
| 215 |
|
|
|a 1 vol. (301 p.)Â
|d 22 cmÂ
|
| 225 |
1 |
|
|a Taille 18Â
|
| 330 |
|
|
|a Rien ne destinait Eliza, issue d'une famille bourgeoise, et Ann, fille des quartiers pauvres de l'Angleterre du XIXe siècle à se rencontrer‚ et pourtantÂ… L'éditeur d'Eliza refuse son recueil de poèmes et lui commande un livre de recettes, ce qui révolte la jeune fille. Mais quand son père est obligé de fuir le pays, sa mère décide d'ouvrir une pension pour vivre. Eliza passe alors derrière les fourneaux et se découvre une passion pour l'élaboration de plats. Elle s'adjoint les services d'Ann‚ qui se révélera plus qu'une aide précieuse : une véritable amie malgré les conventions.Â
|
| 700 |
|
0 |
|a AbbsÂ
|b AnnabelÂ
|4Â 70Â
|
| 702 |
|
0 |
|a GrillotÂ
|b Anne-CaroleÂ
|4Â 570Â
|
| 900 |
|
|
|a RomanÂ
|
| 901 |
|
|
|a AdultesÂ
|
| 995 |
|
|
|a MédiathèqueÂ
|c MédiathèqueÂ
|f 089021798Â
|h 089021798Â
|k R ABB LV 1Â
|o pÂ
|q aÂ
|r agÂ
|e MédiathèqueÂ
|